| 000 | 00657nam a22001937a 4500 | ||
|---|---|---|---|
| 003 | OSt | ||
| 005 | 20240624062758.0 | ||
| 008 | 240606b |||||||| |||| 00| 0 eng d | ||
| 020 | _a9786214160716 | ||
| 040 |
_aDWC- Main Lib _cOC |
||
| 082 | _aFil. 345.990 R456s 2019 | ||
| 100 | _aReyes, Virgilio | ||
| 245 |
_aA study on business taxes and transfer taxes under the train law / _cVirgilio Reyes. |
||
| 250 | _a2019 edition. | ||
| 260 |
_aManila, Philippines : _bGIC Enterprises & Co., Inc., _cc2019. |
||
| 300 |
_aix, various pages : _b illustrations ; _c23cm. |
||
| 650 | _a1. Inheritance and transfer tax- law and legislation. | ||
| 942 |
_2ddc _cBK - FIL _n1 |
||
| 999 |
_c295 _d295 |
||